| 000 | 01556cam a22003258i 4500 | ||
|---|---|---|---|
| 001 | 20659285 | ||
| 005 | 20221120124243.0 | ||
| 008 | 180906s2019 enk b 001 0 eng | ||
| 010 | _a 2018042533 | ||
| 020 | _a9781108417488 (hardback : alk. paper) | ||
| 020 | _a9781108405362 (paperback : alk. paper) | ||
| 040 |
_aDLC _beng _erda _cDLC |
||
| 042 | _apcc | ||
| 050 | 0 | 0 |
_aJC571 _b.H347657 2019 |
| 082 | 0 | 0 |
_a341.481 _bHAN |
| 100 | 1 |
_aHannum, Hurst, _eauthor. _9103184 |
|
| 245 | 1 | 0 |
_aRescuing human rights : _ba radically moderate approach / _cHurst Hannum, Tufts University, Massachusetts. |
| 263 | _a1905 | ||
| 264 | 1 |
_aCambridge, United Kingdom ; _aNew York, NY, USA : _bCambridge University Press, _c2019. |
|
| 300 |
_a223 p. ; _c23 cm. |
||
| 337 | _bn | ||
| 504 | _aIncludes bibliographical references and index. | ||
| 505 | 0 | _aCrime and (occasional) punishment -- The importance of government, for better or worse -- Human rights and... whatever -- Undermining old rights with new ones: you can't always get what you want -- Women, sex, and gender -- The flexibility of human rights norms : universality is not uniformity -- Human rights hawks -- The indispensable state? : the United States and human rights -- The way forward : less is more. | |
| 650 | 0 | _aHuman rights. | |
| 650 | 0 |
_aHuman rights _xGovernment policy. _9103185 |
|
| 650 | 0 |
_aHuman rights _xInternational cooperation. _9103186 |
|
| 906 |
_a7 _bcbc _corignew _d1 _eecip _f20 _gy-gencatlg |
||
| 942 |
_2ddc _cBK |
||
| 999 |
_c592441 _d592441 |
||